AHL Hockey Teams - Statistics

General Stats
  • This quiz has been taken 1,578 times
  • The average score is 14 of 30
Answer Stats
NHL Affiliate AHL Team % Correct
Bruins Providence Bruins
69%
Penguins Wilkes-Barre/Scranton Penguins
66%
Maple Leafs Toronto Marlies
65%
Stars Texas Stars
63%
Devils Albany Devils
59%
Capitals Hershey Bears
58%
Senators Binghamton Senators
54%
Flyers Adirondack Phantoms
53%
Sabres Rochester Americans
53%
Canucks Chicago Wolves
50%
Red Wings Grand Rapids Griffins
47%
Canadiens Hamilton Bulldogs
47%
Kings Manchester Monarchs
47%
Predators Milwaukee Admirals
46%
Ducks Syracuse Crunch
45%
Lightning Norfolk Admirals
43%
Sharks Worchester Sharks
43%
Flames Abbotsford Heat
40%
Hurricanes Charlotte Checkers
40%
Avalanche Lake Erie Monsters
40%
Blackhawks Rockford IceHogs
40%
Jets St. John's IceCaps
39%
Islanders Bridgeport Sound Tigers
38%
Oilers Oklahoma City Barons
34%
Panthers San Antonio Rampage
33%
Coyotes Portland Pirates
31%
Blue Jackets Springfield Falcons
30%
Wild Houston Aeros
29%
Rangers Connecticut Whale
28%
Blues Peoria Rivermen
27%
No matching quizzes found
Score Distribution
Percent of People with Each Score
Percentile by Number Answered
Your Score History
You have not taken this quiz